ბათუმის შოთა რუსთაველის სახელმწიფო უნივერსიტეტის ბიბლიოთეკა

ეტიმოლოგიური ძიებანი : (ბიბ.ჩანაწერი № 54682)

000 -ლიდერი
ფიქსირებული სიგრძის საკონტროლო ველი 01211nam a2200265Ia 4500
001 - საკონტროლო ნომერი
საკონტროლო ველი 21749
003 - საკონტროლო ნომრის იდენტიფიკატორი
საკონტროლო ველი GE_BSU
005 - ბოლო ოპერაციის თარიღი და დრო
საკონტროლო ველი 20220211154937.0
008 - ფიქსირებული სიგრძის მონაცემთა ელემენტები - ზოგადი ინფორმაცია
ფიქსირებული სიგრძის საკონტროლო ველი 181216s ||||ge |||||||||||||| ||geo||
020 ## - წიგნის საერთაშორისო სტანდარტული ნომერი
International Standard Book Number 5-520-00363-7
040 ## - კატალოგიზაციის წყარო
Transcribing agency GE_BSU
041 ## - ენის კოდი
Language code of text/sound track or separate title geo
080 ## - უნივერსალური ათობითი კლასიფიკაციის ინდექსი
Universal Decimal Classification number 811.353.1'373.6 ე-87
245 ## - ცნობა სათაურის შესახებ
Title ეტიმოლოგიური ძიებანი :
Remainder of title სტატიების კრებული /
Statement of responsibility, etc სარედ. კოლ. : ა. არაბული, კ. დანელია და სხვ. ; რედ. ქ. ლომთათიძე.
264 ## - წარმოების, გამოცემის, დისტრიბუციის და სხვა ცნობები
გამოცემის, წარმოების, დისტრიბუციის... ადგილი თბილისი :
გამოცემის, წარმოების, დისტრიბუციის... სახელწოდება მეცნიერება,
გამოცემის, წარმოების, დისტრიბუციის... თარიღი 1989.
300 ## - ფიზიკური აღწერა
Extent 137 გვ. ;
Dimensions 21 სმ.
546 ## - LANGUAGE NOTE
Language note სტატიების ბოლოს რეზიუმე რუსულ ენაზე
653 ## - INDEX TERM--UNCONTROLLED
Uncontrolled term ეტიმოლოგიური ძიებანი
653 ## - INDEX TERM--UNCONTROLLED
Uncontrolled term სტატიების კრებული
653 ## - INDEX TERM--UNCONTROLLED
Uncontrolled term ქართული ენა
653 ## - INDEX TERM--UNCONTROLLED
Uncontrolled term ქართული ენის ეტიმოლოგია
700 ## - ADDED ENTRY--PERSONAL NAME
Personal name ლომთათიძე, ქ.
Relator term რედაქტორი
9 (RLIN) 13533
942 ## - ADDED ENTRY ELEMENTS (KOHA)
Koha item type წიგნი
Source of classification or shelving scheme
ეგზემპლარები
ჩამოწერის სტატუსი დაკარგული ეგზემპლარის სტატუსი კლასიფიკაციის წყარო ან თაროზე გაწყობის სქემა დაზიანების სტატუსი არ გაიცემა მუდმივი მდებარეობა (დაცვის ადგილი) ამჟამინდელი ადგილსამყოფელი თაროზე განთავსების ადგილი შეძენის თარიღი ღირებულება, შესყიდვის ნორმალური ფასი სრული შენახვის შიფრი შტრიხკოდი ბოლო ოპერაციის თარიღი ეგზემპლარის მიმდევრობითი ნომერი (კეტერი?) ფასის ძალაში შესვლის თარიღი ეგზემპლარის სახეობა საჯარო შენიშვნა
          ბათუმის შოთა რუსთაველის სახელმწიფო უნივერსიტეტის მთავარი ბიბლიოთეკა ბათუმის შოთა რუსთაველის სახელმწიფო უნივერსიტეტის მთავარი ბიბლიოთეკა წიგნსაცავი 2018-12-17 4.00 811.353.1'373.6 ე-87 56058 2018-12-17 56058 2018-12-17 წიგნი 4.00 ₾.